| 000 | 00968cam a2200373 4500 | ||
|---|---|---|---|
| 001 | J62198 | ||
| 008 | 000000n2001 000 0 eng u | ||
| 035 | _a(Sirsi) u108321 | ||
| 041 | _aeng | ||
| 050 | _a333.337 | ||
| 110 |
_aWeatherall Green and Smith _92055 |
||
| 245 | _aInternational rent survey. - Summer 2000 & Winter 2001 | ||
| 260 |
_bWeatherall Green and Smith _c2000-2001 |
||
| 300 | _a2pt. ; 30cm. | ||
| 350 | _a0 | ||
| 520 | _aBi-annual publication - Winter 2001 covers the period November 2000 to February 2001 | ||
| 650 | _aAMSTERDAM | ||
| 650 | _aPROPERTY-COMMERCIAL PROPERTY | ||
| 650 | _aBRUSSELS | ||
| 650 | _aCOPENHAGEN | ||
| 650 | _aDUBLIN | ||
| 650 | _aHONG KONG | ||
| 650 | _aINTERNATIONAL RENT SURVEY | ||
| 650 | _aLONDON | ||
| 650 | _aMADRID | ||
| 650 | _aMILAN | ||
| 650 | _aMOSCOW | ||
| 650 | _aNEW YORK | ||
| 650 | _aOFFICES | ||
| 650 | _aPARIS | ||
| 650 | _aTOKYO | ||
| 690 | _aOVERSEAS | ||
| 942 | _n0 | ||
| 999 |
_c100774 _d100774 |
||